| 000 | 00634nam a2200229 a 4500 | ||
|---|---|---|---|
| 999 |
_c1295 _d1295 |
||
| 008 | 191217t2013 ii a|||g |||| 00| 0 eng d | ||
| 020 |
_a9788131794036 _cRs. 315.00 |
||
| 040 |
_aKO _beng |
||
| 041 | 0 | _aeng | |
| 044 | _aii | ||
| 082 | 0 | 4 |
_223 _a330.954 _bJ56 |
| 100 | 1 | _aJi, Gopal | |
| 245 | 1 | 0 |
_aIndian Economy : _bperformance and policies / _cGopal Ji and Suman Bhakri |
| 260 |
_aNoida : _bPearson Education , _c2013. |
||
| 300 |
_axiv, 383 p. : _bill. ; _c24 cm |
||
| 650 | 0 |
_aEconomic policy _zIndia |
|
| 650 | 0 |
_aEconomic conditions _zIndia |
|
| 700 |
_aBhakri, Suman _eaut |
||
| 904 | _aA_BOSE | ||
| 942 | _cBK | ||